| 000 | 01161nam a22003490a 4500 | ||
|---|---|---|---|
| 001 | PT15963 | ||
| 003 | AR-LpoUNG | ||
| 005 | 20210131232653.0 | ||
| 008 | 191001s2002||||ag |||||||||||||||||spa d | ||
| 020 |
_a9501273288 _c$19.41 |
||
| 040 |
_aAR-LpoUNG _bspa _cAR-LpoUNG _eaacr |
||
| 041 | _aspa | ||
| 044 | _aag | ||
| 082 | 0 | _aR300 346dic | |
| 100 | 1 |
_aPayne, Michael _edir. |
|
| 245 | 1 | 0 | _aDiccionario de teoría crítica y estudios culturales |
| 250 | _a1§ edición | ||
| 260 |
_aBuenos Aires : _bPaidós, _c2002. |
||
| 300 |
_axxvii, 755 p. : _btbls., gráfs. |
||
| 520 | _aEste diccionario contiene alrededor de quinientos entradas, y provee una referencia exhaustiva y accesible sobre las ideas modernas en el amplio campo interdisciplinario de la teoría crítica y los estudios culturales. | ||
| 650 | 4 | _aCIENCIA POLITICA | |
| 650 | 4 | _aCIENCIAS SOCIALES | |
| 650 | 4 | _aCULTURA | |
| 650 | 4 | _aDICCIONARIOS | |
| 650 | 4 | _aDOCUMENTOS PRIMARIOS | |
| 650 | 4 | _aMATERIAL DE REFERENCIA | |
| 650 | 4 | _aTEORIA SOCIAL | |
| 651 | 4 | _aDOCUMENTOS TEORICOS O METODOLOGICOS | |
| 700 | 1 |
_aWillson, Patricia _etr. |
|
| 905 | _a15963 | ||
| 942 | _cLSALA | ||
| 999 |
_c16879 _d16879 |
||